| 000 | 00482cas a22001815a 4500 | ||
|---|---|---|---|
| 001 | L139666 | ||
| 008 | 070803c xxkar p 0 a0eng u | ||
| 035 | _a(Sirsi) u139666 | ||
| 041 | 0 | _aeng | |
| 110 | 2 |
_aRating and Valuation Association _91873 |
|
| 245 | 0 | 0 | _aLand Compensation Cases |
| 260 |
_aLondon _bRVA _c[19-?]- |
||
| 362 | 0 | _a1963-1977 | |
| 554 | _aOne per year | ||
| 651 | 4 |
_aEngland and Wales _y1543- |
|
| 690 | _aPROPERTY-PROPERTY APPRAISAL AND VALUATION | ||
| 942 | _n0 | ||
| 999 |
_c119108 _d119108 |
||